Los paisajes naturales como recurso turístico en la Argentina /

Los paisajes naturales siempre fueron un gran atractivo para el turismo, y según el gusto de los turistas lugares poco visitados o desconocidos se fueron adaptando para recibir a los viajantes.

Guardado en:
Autor Principal: Saenz, Juan Cruz
Autor Corporativo: Canal Encuentro.
Formato: Deslizar
Publicado: Argentina, 2009
Series:Horizontes. Ciencias Sociales
Materias:
Acceso en línea:https://www.educ.ar/recursos/105879/los-paisajes-naturales-como-recurso-turistico-en-la-argentin
Etiquetas: Agregar Etiqueta
Sin Etiquetas, Sea el primero en etiquetar este registro!
LEADER 01195ngm a22003135g 4500
001 CEM.cems023957
008 130507s2009##################0###0#####d
005 20250717185847.0
245 1 0 |a Los paisajes naturales como recurso turístico en la Argentina /  |c Juan Cruz Saenz. 
260 |a Argentina,  |c 2009 
300 |a 28'. 
490 0 |a Horizontes. Ciencias Sociales 
538 |a Soporte: DVD - Grabación DRD 
520 |a Los paisajes naturales siempre fueron un gran atractivo para el turismo, y según el gusto de los turistas lugares poco visitados o desconocidos se fueron adaptando para recibir a los viajantes. 
500 |a Consultar en ventanilla. 
100 1 |a Saenz, Juan Cruz 
710 2 |a Canal Encuentro. 
082 3 0 |/ SAE-3 
653 |a CIENCIAS SOCIALES 
653 |a HORIZONTES 
653 |a SOCIEDAD 
653 |a PARQUES NACIONALES 
653 |a RECURSOS NATURALES 
653 |a TURISMO 
653 |a GEOGRAFIA 
653 |a ARGENTINA 
653 |a SERIE DE TELEVISIÓN 
856 |u https://www.educ.ar/recursos/105879/los-paisajes-naturales-como-recurso-turistico-en-la-argentin 
859 |a CEMS  |b BIB. CEMS - Depto. Recursos Didacticos  |h 300  |i SAE-3  |k DRD  |p 2600.15  |t Ej.1